00689nam a2200241 a 4500001001300000003000900013005001700022008004100039020001000080082001500090100001600105245007800121260002900199300000800228500003500236505001500271650002100286700001600307902000800323942000700331952009400338999001500432nice12345678IN_TiNIC20260116011543.0050524s1887 mada grp 000 0 per  ac10000a398.9bSEL aSell, Canon aMuhavarat-E-Farsib Collection of Persian Idiomntic & Colloquial Sentence aMadrasbSpck Pressc1887 a39p aincludes index and biblioraphy2 aVocabulary aProverbs-Persian1 aSell, Canon bRBA cBK 00104070aHMIbHMId2007-06-06g100.00l0o398.9 SELp363r2007-06-06w2026-01-16yARB c2578d2578